1860 1788 1255 1749 1925 1258 1063 1794 1588 1647 1462 1333 1779 1548 1090 1842 1073 1010 1679 1333 1715 1874 1108 1219 1417 1278 1389 1991 1422 1315 1281 1463 1788 1683 1233 1069 1608 1725 1612 1412 1812 1908 1302 1368 1436 1236 1841 1072 1172 1095 1771 1352 1109 1094 1022 1750 1196 1034 1556 1221 1085 1710 1156 1556 1538 1734 1817 1688 1164 1648 1287 1020 1055 1981 1456 1603 1660 1468 1096 1145 1675 1943 1967 1419 1411 1317 1464 1182 1392 1129 1365 1390 1046 1842 1883 1777 1867 1049 1349 BCNSPRNW ULIB Ver.6.0+V

เปลี่ยนเป็นภาษาไทย

Change to English
 แสดงรายละเอียดบรรณานุกรม
  กลับหน้าหลัก

Brief Record : Get Marc (ISO 2709) : E-mail record : QR code < ปิดหน้าต่าง
LEADER : 00000nam 2200000uu 4500
001    13399114372
003     ULIB
008    120326s||||||||th 000 0 tha d
020    ^a9744511494
060 04 ^aWM105^bจ631ส
100 0  ^aจุฑารัตน์ สถิรปัญญา
245 10 ^aสุขภาพจิต =^bMental health /^cจุฑารัตน์ สถิรปัญญา
246 31 ^aMental health
250    ^aพิมพ์ครั้งที่ 3
260    ^aสงขลา :^bสาขาสาธารณสุขศาสตร์ คณะวิทยาการสุขภาพและการกีฬา
300    ^a194 หน้า :^bภาพประกอบ ;^c26 ซม.
500    ^aSend to Single Search
650  4 ^aสุขภาพจิต
710 2  ^aมหาวิทยาลัยทักษิณ. ^bคณะวิทยาการสุขภาพและการกีฬา.
945    ^p265^l0^i031463
945    ^p265^l0^i031462
945    ^p265^l0^i031461
945    ^p265^l0^i031464
945    ^p265^l0^i031465
945    ^p265^l0^i031466
995    ^aเกษร
999    ^aใช้งานได้ทุกระบบ
รายการนี้ยังไม่มีแท็ก
คุณยังไม่ได้ล็อกอิน คุณสามารถมีกิจกรรมร่วมกับเว็บไซต์ได้ แต่ต้องล็อกอินก่อน ::
  ล็อกอิน

รายการสื่อสารสนเทศ

ลำดับที่ ประเภท เลขเรียก/บาร์โค้ด สถานที่ สถานะ
1. วิทยาศาสตร์การแพทย์ และสุขภาพ
หนังสือสำรอง
สถานะ=หนังสือสำรอง
WM105 จ631ส ฉ.1 
  Barcode: 031461
ห้องสมุดวิทยาเขตสวรรค์ประชารักษ์
►ส่วนจัดเก็บหนังสือเก่า สปร
บนชั้น
  ขอยืม
2. วิทยาศาสตร์การแพทย์ และสุขภาพ
วิทยาศาสตร์การแพทย์ และสุขภาพ
WM105 จ631ส ฉ.2 
  Barcode: 031462
ห้องสมุดวิทยาเขตสวรรค์ประชารักษ์
►ส่วนจัดเก็บหนังสือเก่า สปร
บนชั้น
  ขอยืม
3. วิทยาศาสตร์การแพทย์ และสุขภาพ
วิทยาศาสตร์การแพทย์ และสุขภาพ
WM105 จ631ส ฉ.3 
  Barcode: 031463
ห้องสมุดวิทยาเขตสวรรค์ประชารักษ์
►ส่วนจัดเก็บหนังสือเก่า สปร
บนชั้น
  ขอยืม
4. วิทยาศาสตร์การแพทย์ และสุขภาพ
วิทยาศาสตร์การแพทย์ และสุขภาพ
WM105 จ631ส ฉ.4 
  Barcode: 031464
ห้องสมุดวิทยาเขตสวรรค์ประชารักษ์
►ส่วนจัดเก็บหนังสือเก่า สปร
บนชั้น
  ขอยืม
5. วิทยาศาสตร์การแพทย์ และสุขภาพ
วิทยาศาสตร์การแพทย์ และสุขภาพ
WM105 จ631ส ฉ.5 
  Barcode: 031465
ห้องสมุดวิทยาเขตสวรรค์ประชารักษ์
►ส่วนจัดเก็บหนังสือเก่า สปร
บนชั้น
  ขอยืม
6. วิทยาศาสตร์การแพทย์ และสุขภาพ
วิทยาศาสตร์การแพทย์ และสุขภาพ
WM105 จ631ส ฉ.6 
  Barcode: 031466
ห้องสมุดวิทยาเขตสวรรค์ประชารักษ์
►ส่วนจัดเก็บหนังสือเก่า สปร
บนชั้น
  ขอยืม

รายการใกล้เคียง
    ผู้แต่ง [จุฑารัตน์ สถิรปัญญา]

    หัวเรื่อง [สุขภาพจิต]

BibComment


ยังไม่เคยถูกคอมเมนท์

คอมเมนท์ทรัพยากรรายการนี้
  คอมเมนท์: สุขภาพจิต Menta..


 Copyright 2026. Bcnsprnw @Library